Fresh widow : the window in art since Matisse and Duchamp.

Guardat en:
Dades bibliogràfiques
Autor corporatiu: Kunstsammlung Nordrhein-Westfalen (Editor)
Altres autors: Müller-Schareck, Maria (Editor)
Format: Llibre
Publicat: Düsseldorf; Ostfildern, Germany: Kunstsammlung Nordrhein-Westfalen; Hatje Cantz, 2012.
Matèries:
Etiquetes: Afegir etiqueta
Sense etiquetes, Sigues el primer a etiquetar aquest registre!

MARC

LEADER 00000nam a22000007a 4500
003 CL-VaPUC
005 20230102142155.0
008 221212t2012 ||||| |||| 00| 0 eng d
999 |c 439607  |d 439605 
020 |a 978-3-7757-3293-2 
040 |c Pontificia Universidad Católica de Valparaíso 
082 7 |a 704.9497 MUL 2012  |2 22 
100 1 |a Müller-Schareck, Maria  |e editor  |9 879197 
245 |a Fresh widow : the window in art since Matisse and Duchamp. 
260 |a Düsseldorf;  |a Ostfildern, Germany:  |b Kunstsammlung Nordrhein-Westfalen;   |b Hatje Cantz,  |c 2012. 
300 |a 288 páginas; 180 ilustraciones. 
500 |a c.1. Donación Profesor Bruno Cuneo. Memo ART 11/2022 
583 |c 20221212  |k Catalogador Asistente 
650 |a Arte   |y Siglo 20-21  |x Temas, exposiciones   |9 879242 
710 |a Kunstsammlung Nordrhein-Westfalen  |e editor  |9 879198 
942 |2 ddc  |c BK 
952 |0 0  |1 0  |2 ddc  |4 0  |6 704_949700000000000_MUL_2012  |7 0  |8 R  |9 588199  |a BIBART  |b BIBART  |d 2022-12-12  |e Donación  |i 5656011  |o 704.9497 MUL 2012  |p 5656011  |r 2025-03-13  |t 1  |w 2022-12-12  |y BK_R  |k ART